Statistiken für Flaggen der Welt mit Grün

Klicken Sie hier um das Quiz zu spielen!

Allgemein

  • Dieses Quiz wurde 109 mal gespielt
  • Das Durchschnittsergebnis liegt bei 65 aus 83

Antwortstatistiken

Antwort% Korrekt
Brasilien
97%
Irland
97%
Iran
96%
Algerien
95%
Indien
95%
Italien
95%
Südafrika
95%
Irak
94%
Portugal
94%
Mexiko
92%
Saudi Arabien
92%
Afghanistan
91%
Bulgarien
91%
Libanon
91%
Belarus
90%
Marokko
90%
Niger
90%
Pakistan
90%
Zypern
90%
Elfenbeinküste
89%
Ghana
89%
Jamaika
89%
Nigeria
88%
Ungarn
88%
Aserbaidschan
87%
Kamerun
85%
Sri Lanka
85%
Kenia
84%
Senegal
84%
Bangladesch
83%
Syrien
83%
Äthiopien
82%
Usbekistan
82%
Litauen
78%
Seychellen
78%
Sudan
78%
Turkmenistan
78%
Benin
77%
Libyen
77%
Burkina Faso
76%
Jordanien
76%
Sambia
76%
Eritrea
75%
Lesotho
75%
Mali
75%
Vereinigte Arabische Emirate
74%
Burundi
73%
Guinea
73%
Kuwait
73%
Madagaskar
73%
Malediven
73%
Oman
73%
Simbabwe
73%
Südsudan
73%
Tadschikistan
73%
Tansania
73%
Togo
73%
Zentralafrikanische Republik
71%
Gabun
70%
Mauretanien
70%
Äquatorialguinea
69%
Guinea-Bissau
69%
Mosambik
69%
Gambia
68%
Komoren
68%
Namibia
68%
Ruanda
68%
Grenada
67%
Malawi
67%
Republik Kongo
67%
Bolivien
66%
Dschibuti
66%
Mauritius
66%
Sierra Leone
66%
Dominica
65%
Myanmar
65%
St. Vincent und die Grenadinen
65%
Guyana
63%
Sao Tomé und Príncipe
62%
Suriname
60%
Vanuatu
60%
St.Kitts und Nevis
59%
Salomonen
58%

Verteilung der Resultate

Perzentil nach korrekt beantworteten Fragen

Anzahl Personen mit jedem Resultat

Ihre Resultats-Entwicklung

Sie haben dieses Quiz noch nicht gespielt